| 000 | 00671nam a2200193Ia 4500 | ||
|---|---|---|---|
| 003 | IN-BaIIA | ||
| 008 | 211028s9999 xx 000 0 eng d | ||
| 040 | _cIIA Library | ||
| 080 |
_a083.7:696.141.18 _bISI |
||
| 110 | _aIndian Standards Institution | ||
| 245 | 0 |
_aIndian standard specification for vitreous sanitary appliances (vitreous China) _bpt. 13, specific requirements of traps for squating pans _cIndian Standards Institution |
|
| 260 |
_aNew Delhi _bIndian Standards Institution _c1973 |
||
| 300 | _a8p. | ||
| 500 | _aIS 2556 : Part 13 : 1973 | ||
| 650 |
_a Sanitary Appliances _98855 |
||
| 650 | _a Standards | ||
| 650 | _aNASA Thesaurus | ||
| 942 | _cBK | ||
| 999 |
_c4952 _d4952 |
||